|
|
|
|
| LEADER |
00000cam a22000002c 4500 |
| 001 |
1650941536 |
| 003 |
DE-627 |
| 005 |
20251225205732.0 |
| 007 |
tu |
| 008 |
900704s1983 xx ||||| 00| ||eng c |
| 010 |
|
|
|a 83013170
|
| 020 |
|
|
|a 0896560694
|9 0-89656-069-4
|
| 035 |
|
|
|a (DE-627)1650941536
|
| 035 |
|
|
|a (DE-576)020901119
|
| 035 |
|
|
|a (DE-599)BSZ020901119
|
| 035 |
|
|
|a (OCoLC)09686472
|
| 040 |
|
|
|a DE-627
|b ger
|c DE-627
|e rakwb
|
| 041 |
|
|
|a eng
|
| 082 |
0 |
|
|a 347.307234
|
| 082 |
0 |
|
|a 347.73/2034
|
| 245 |
0 |
0 |
|a Assessing the need for judicial resources
|b guidelines for a new process; preliminary draft
|c Task Force on Principles for Assessing the Adequacy of Judicial Resources. [Alexander B. Aikman, reporter]
|
| 264 |
|
1 |
|a Williamsburg
|b National Center for State Courts
|c 1983
|
| 300 |
|
|
|a VIII, 58 S.
|
| 336 |
|
|
|a Text
|b txt
|2 rdacontent
|
| 337 |
|
|
|a ohne Hilfsmittel zu benutzen
|b n
|2 rdamedia
|
| 338 |
|
|
|a Band
|b nc
|2 rdacarrier
|
| 583 |
1 |
|
|a Archivierung prüfen
|c 20200919
|f DE-640
|z 1
|2 pdager
|
| 700 |
1 |
|
|a Aikman, Alexander B.
|e Bearb.
|4 adp
|
| 710 |
2 |
|
|a Task Force on Principles for Assessing the Adequacy of Judicial Resources
|0 (DE-588)5045673-8
|0 (DE-627)70943636X
|0 (DE-576)193438453
|4 oth
|
| 951 |
|
|
|a BO
|
| ELC |
|
|
|b 1
|
| LOK |
|
|
|0 000 xxxxxcx a22 zn 4500
|
| LOK |
|
|
|0 001 3340295123
|
| LOK |
|
|
|0 003 DE-627
|
| LOK |
|
|
|0 004 1650941536
|
| LOK |
|
|
|0 005 19900704000000
|
| LOK |
|
|
|0 008 900704||||||||||||||||ger|||||||
|
| LOK |
|
|
|0 040
|a DE-21
|c DE-627
|d DE-21
|
| LOK |
|
|
|0 852
|a DE-21
|
| LOK |
|
|
|0 852 1
|c KB 7 E 210
|9 00
|
| LOK |
|
|
|0 935
|a krim
|
| LOK |
|
|
|0 936ln
|a k1
|
| LOK |
|
|
|0 939
|a 04-07-90
|b l01
|
| ORI |
|
|
|a SA-MARC-krimdoka001.raw
|
| SIG |
|
|
|a UB: KB 7 E 210
|